Una mujer mayor / (Record no. 193458)

MARC details
000 -LEADER
campo de control de longitud fija 02237nam a2200397 c 4500
001 - NÚMERO DE CONTROL
campo de control 193458
003 - IDENTIFICADOR DE NÚMERO DE CONTROL
campo de control SpMaBN
005 - FECHA Y HORA DE LA ÚLTIMA TRANSACCIÓN
campo de control 20250831115902.0
008 - DATOS DE LONGITUD FIJA--INFORMACIÓN GENERAL
campo de control de longitud fija 191212s2019 sp a | |||| 000 p spa
015 ## - NÚMERO DE BIBLIOGRAFÍA NACIONAL
Número de bibliografía nacional MON19
017 ## - NÚMERO DE COPYRIGHT O DE DEPÓSITO LEGAL
Número de copyright o de depósito legal M 6778-2019
Agencia que asigna Oficina Depósito Legal Madrid
020 ## - NÚMERO INTERNACIONAL ESTÁNDAR DEL LIBRO
Número Internacional Estándar del Libro 9788409090617
040 ## - FUENTE DE CATALOGACIÓN
Centro catalogador/agencia de origen SpMaBN
Lengua de catalogación spa
Centro/agencia transcriptor SpMaBN
Normas de descripción rda
Centro/agencia modificador ES-MaACL
080 ## - NÚMERO DE LA CLASIFICACIÓN DECIMAL UNIVERSAL
Número de la Clasificación Decimal Universal 821.134.1-14"19"
100 1# - ENTRADA PRINCIPAL--NOMBRE DE PERSONA
Nombre de persona Margarit, Joan
Fechas asociadas al nombre 1938-2021
Relación aut
9 (RLIN) 234728
245 14 - MENCIÓN DEL TÍTULO
Título Una mujer mayor /
Mención de responsabilidad, etc. Joan Margarit, Paula Rego
250 ## - MENCION DE EDICION
Mención de edición Primera Edición :2019
260 ## - PUBLICACIÓN, DISTRIBUCIÓN, ETC.
Lugar de publicación, distribución, etc. Alcobendas, Madrid
Nombre del editor, distribuidor, etc. La Cama Sol Ediciones,
Fecha de publicación, distribución, etc. 2019
264 #1 - PRODUCCIÓN, PUBLICACIÓN, DISTRIBUCIÓN, FABRICACIÓN Y COPYRIGHT
Producción, publicación, distribución, fabricación y copyright Alcobendas, Madrid
Nombre del de productor, editor, distribuidor, fabricante La Cama Sol Ediciones,
Fecha de producción, publicación, distribución, fabricación o copyright [2019]
264 #4 - PRODUCCIÓN, PUBLICACIÓN, DISTRIBUCIÓN, FABRICACIÓN Y COPYRIGHT
Fecha de producción, publicación, distribución, fabricación o copyright ©2019
300 ## - DESCRIPCIÓN FÍSICA
Extensión 149 páginas
Otras características físicas ilustraciones (blanco y negro y color)
Dimensiones 24 cm
336 ## - TIPO DE CONTENIDO
Término de tipo de contenido Texto
Fuente rdacontent
337 ## - TIPO DE MEDIO
Nombre/término del tipo de medio sin mediación
Fuente rdamedia
338 ## - TIPO DE SOPORTE
Nombre/término del tipo de soporte volumen
Fuente rdacarrier
520 ## - RESUMEN, ETC.
Sumario, etc. La poesía de Margarit en este libro que publica La Cama Sol busca dialogar con la obra de su admirada Paula Rego, una de las artistas actuales más reconocidas. Portuguesa, asentada desde hace años en Londres, donde en 2018 participó en la retrospectiva All Too Human junto a pintores como Lucian Freud, Francis Bacon y Frank Auerbach. El libro que aquí publicamos es un viaje a través de los poemas con los que un poeta de la envergadura de Margarit busca acompañar las pinturas y dibujos de una gran pintora como Paula Rego. Es la coincidencia de dos obras que utilizan la belleza tan sólo como un primer paso hacia la verdad. Contiene 90 Poemas de Joan Margarit y 31 obras de Paula Rego que acompañan cada selección poética de Joan Margarit.
655 #7 - TERMINO DE INDIZACIÓN--GENERO/FORMA
Datos o término principal de género/forma Poesías
Fuente del término tgfbne
9 (RLIN) 176539
655 #7 - TERMINO DE INDIZACIÓN--GENERO/FORMA
Datos o término principal de género/forma Libros ilustrados
Fuente del término tgfbne
9 (RLIN) 193653
700 ## - ENTRADA AGREGADA--NOMBRE PERSONAL
Nombre de persona Rego, Paula,
Fechas asociadas al nombre 1935-2022
Relación art
9 (RLIN) 234729
852 ## - LOCALIZACIÓN
Ubicación ES-MaACL
Sublocalización o colección R.154812
Ubicación en estantería Depósito J
Donativo/Legado Donación: José Lázaro Garcia
Número de control de estantería N-9634
Encuadernación Encuadernación rústica con solapas
itemnumber 201108
Anotaciones manuscritas 154/500
903 ## - NOMBRE PERSONAL DE DONANTE
9 234219
a Lázaro García, José
e Donante
942 ## - ELEMENTOS DE ENTRADA SECUNDARIOS (KOHA)
Fuente del sistema de clasificación o colocación Clasificación decimal universal
Tipo de ítem Koha Libro impreso
Suprimir en OPAC No
Holdings
Estatus retirado Estado de pérdida Fuente del sistema de clasificación o colocación Estado de daño No para préstamo Biblioteca de origen Biblioteca actual Ubicación en estantería Fecha de adquisición Fuente de adquisición Total de préstamos Signatura topográfica completa Código de barras Visto por última vez Precio de reemplazo Tipo de ítem Koha
    Clasificación decimal universal     Biblioteca del Ateneo de Madrid Biblioteca del Ateneo de Madrid Depósito J 29/01/2024 Donación   N-9634 101206455 29/01/2024 29/01/2024 Libro impreso